LEADER 01255nam a2200289 u 4500 001 000000115730 003 CaOOAMICUS 005 20090519114050.0 008 090519s2008 gw u000 u ger r 020 $z978-3-416-03215-5* 040 $aPUL$bita$dLDB 100 1 $aScheler, Max,$d1874-1928.$0(OLS)http://pul/name/5354 245 10$aSpäte Schriften /$cMax Scheler. 250 $a3. Aufl. /$bhrsg. von Manfred Frings 260 $aBonn :$bBouvier,$c2008. 300 $a394 p. ;$c23 cm 490 1 $aMax Scheler Gesammelte Werke. Studienausgabe ;$v09 504 $aBibliografia: p. [374]-382 650 4$aFilosofia.$0(OLS)http://pul/subject/362 700 1 $aFrings, Manfred S.$0(OLS)http://pul/name/8951 800 1 $aScheler, Max,$d1874-1928.$tGesammelte Werke.$pStudienausgabe ;$v09.$0(OLS)http://pul/nameTitle/935$0(OLS)http://pul/name/5354$0(OLS)http://pul/title/145398 850 $aPUL 852 $aPUL$W1$xSL Filosofia 3$y81$m193 SCHMA 2.9$j132561$qDDC 21$B131557$CPULBib$Z2$F131557 $H110399 $82 941 1 $a9 996 $6020$z978-3-416-03215-5*$9(OLS)http://pul/number/140714 996 $6245$aSpäte Schriften$9(OLS)http://pul/title/145404 996 $6260$aBonn :$bBouvier$9(OLS)http://pul/publisher/68073 LEADER 01534nam a2200361 a 4500 001 000000138264 003 CaOOAMICUS 005 20140430114356.0 008 140430s1997 it u000 u ita r 020 $z88-384-2831-X* 040 $aPUL$bita 082 04$a242 100 1 $aLuther, Martin,$d1483-1546.$0(OLS)http://pul/name/1508 245 10$aPreghiere /$cMartin Lutero ; a cura e con Introduzione di Stefano Cavallotto. 260 $aCasale Monferrato :$bPiemme,$c©1997. 300 $a327 p. ;$c21 cm 490 1 $aAnima del mondo ;$v09 504 $aBibliografia in nota. 650 4$aPreghiera$ySec. XVI.$0(OLS)http://pul/subject/40484 700 1 $aCavallotto, Stefano.$0(OLS)http://pul/name/62495 830 2$aL'Anima del mondo ;$v09.$0(OLS)http://pul/title/65318 850 $aPUL 852 $aPUL$W1$xSL Religione 3$y85$m242 LUTMA 1$j159445$qDDC 21$B158988$CPULBib$Z2$F158988 $H123885 $82 852 $aPUL$W1$xDP2 Religione 3$y114$m242 LUTMA 1B$j192953$b2. copia$qDDC 21$B198258$CPULBib$Z2$F198258 $H131410 $81 900 $aLuter, Martin,$d1483-1546$91508 900 $aMartin Lutero,$d1483-1546$91508 900 $aLutero, Martino,$d1483-1546$91508 941 1 $a9 996 $6020$z88-384-2831-X*$9(OLS)http://pul/number/155116 996 $6082$a242$9(OLS)http://pul/classification/642 996 $6245$aPreghiere$9(OLS)http://pul/title/173336 996 $6260$aCasale Monferrato :$bPiemme$9(OLS)http://pul/publisher/51813